000 00538nam a22001937a 4500
003 LK-CoMWRAF
005 20240319110310.0
008 240319b1990 |||||||| |||| 00| 0 eng d
040 _aLK-CoMWRAF
_dLK-CoMWRAF
_eLK-CoMWRAF
041 _aeng
082 _a340.59
_bZAR
100 _aZarook, A.R.M.
245 _aEssentials of Muslim marriage (of great use to legal profession and laymen)
260 _aColombo:
_b[Art printers],
_c1990
300 _a43 p.
490 _aMuslim personal law
_vIII
650 _aISLAMIC LAW
942 _cBK
999 _c4864
_d4864